| 000 | 01140nam a22002057a 4500 | ||
|---|---|---|---|
| 999 |
_c62470 _d62470 |
||
| 003 | Ge_BSU | ||
| 005 | 20241114152803.0 | ||
| 008 | 241114s1977 ge ||||| |||| 00| 0 geo d | ||
| 041 | _ageo | ||
| 080 | _a612.392.3:544.65:577.121.7 ბ-43 | ||
| 100 |
_aბეთანელი, ა _92849 |
||
| 245 |
_aრა უნდა იცოდეს პრაქტიკოსმა ქირურგმა წყლის, ელექტროლიტების ცვლისა და ენერგეტიკული ბალანსის შესახებ / _c ა. ბეთანელი, ვ. კვერენჩხილაძე, მ. ვასაძე. |
||
| 264 |
_aთბილისი : _bსაბჭ. საქართველო, _c1977. |
||
| 300 |
_a141 გვ. ; _b20 სმ. |
||
| 653 | _aწყალი. ელექტროლიტების ცვლის. ენერგეტიკული ბალანსი | ||
| 653 | _aმედიცინა | ||
| 700 |
_aკვერენჩხილაძე, ვ. _923697 |
||
| 700 |
_aვასაძე, მ. _923698 |
||
| 942 |
_2udc _cBK |
||